| 000 | 00916nas a2200325 4500 | ||
|---|---|---|---|
| 001 | BR0200979 | ||
| 003 | BR-BrBNA | ||
| 005 | 20231205102743.0 | ||
| 007 | ta | ||
| 008 | 230509b bl.|||p| |||| 00| 00por d | ||
| 040 |
_aBR-BrBNA _bpor _cBiblioteca Nacional de Agricultura |
||
| 041 | _a(Pt) | ||
| 072 | _aF01; J11 | ||
| 100 | 1 | _aSeganfredo, R. | |
| 100 | 1 | _aFinger, F.L. | |
| 100 | 1 | _aBarros, R.S. | |
| 100 | 1 | _aMosquim, P.R. | |
| 245 | 1 | _aInfluência do momento de colheita sobre a deterioração pós-colheita em folhas de taioba | |
| 650 | _aTAIOBA | ||
| 650 | _aFOLHA | ||
| 650 | _aDETERIORAÇÃO | ||
| 650 | _aCOLHEITA | ||
| 650 | _aAÇÚCAR | ||
| 650 | _aAMIDO | ||
| 650 | _aCLOROFILA | ||
| 650 | _aOXALATO | ||
| 773 | 0 |
_tHorticultura Brasileira (Brazil) _xISSN 0102-0536 _g(Nov 2001), v. 19(3) p. 316-319 _wBR0200979 |
|
| 909 |
_a202311 _bLúcia _c55 _dLúcia Elande |
||
| 942 |
_2AGRIS _n0 _cANA |
||
| 999 |
_c169156 _d169156 |
||